000 00918nam a22002657i 4500
003 DO-SdBNP
005 20250521094704.0
007 ta
008 250520b200? |||||||| |||| 00| 0 spa d
020 _a9789945397837
040 _aDO-SdBNP
_bspa
_cBNPHU
_erda
041 _hspa
082 _axxx
_bP644L
_222
100 _aPimentel Muñoz, José,
_eautor
_d1949-
_98443
111 1 _aConcurso de Arte y Literatura Bancentral
_cSanto Domingo, República Dominicana)
_d27 : 2023
_987834
245 1 _aEl logro de la perseverancia :
_bCristóbal Federico Gómez García-Godoy /
_cJosé Pimentel Muñoz
264 _aSanto Domingo :
_bAmigo del Hogar,
_cfecha no determinada
300 _a182 páginas :
_bilustraciones ;
_c25 cm
336 _ardacontent
_btexto
_2txt
337 _ardamedia
_bsin mediación
_2n
338 _ardacarrier
_bvolumen
_2nc
590 _aInventariado, 2025/DG
910 _aDG
942 _2ddc
_cLBS1
999 _c59069
_d59069